| 000 | 01097cad a22002055a 4500 | ||
|---|---|---|---|
| 001 | E149192 | ||
| 008 | 100128s2010 xxk f 000 0 eng d | ||
| 035 | _a(Sirsi) u149192 | ||
| 041 | 0 | _aeng | |
| 110 | 2 |
_aSustainable Glasgow _95824 |
|
| 245 | 0 | 0 |
_aSustainable Glasgow _h[electronic resource] |
| 260 |
_aGlasgow _bSustainable Glasgow _c2010 |
||
| 520 | _aSets out the proposals of the Sustainable Glasgow initiative, which seeks to reduce Glasgow's carbon emissions by 30% over the next 10 years. Projects discussed include combined heat and power/district heating, biomass; biogas and energy from waste; sustainable transport systems; fuel switching; energy management systems. It is hoped that the proposals will also create jobs and help to address fuel poverty. | ||
| 521 | _aAdvanced | ||
| 590 | _aKA | ||
| 651 | 4 | _aGlasgow | |
| 690 | _aENVIRONMENTAL AND LAND CONSULTANCY-ENERGY-ENERGY USE-ENERGY EFFICIENCY | ||
| 856 | 4 | 0 |
_uhttps://www.sustainableglasgow.org.uk/News/Pages/SustainableGlasgowLaunch.aspx _zView the report free of charge at www.sustainableglasgow.org.uk... |
| 942 | _n0 | ||
| 999 |
_c110403 _d110403 |
||